Word Scramble a-z: A - Statistics

General Stats
  • This quiz has been taken 15 times
  • The average score is 12 of 15
Answer Stats
Hint Answer % Correct
eitacv active
100%
ktacta attack
100%
oarrua aurora
100%
yballit ability
92%
davcnea advance
92%
rewasn answer
92%
nacti antic
92%
nrbauu auburn
83%
viala avail
83%
evnhaalca avalanche
83%
gravgaeta aggravate
75%
csatesr actress
67%
hcindraa arachnid
50%
hclgearan archangel
25%
tilcera article
17%
No matching quizzes found
Score Distribution
Percent of People with Each Score
Percentile by Number Answered
Your Score History
You have not taken this quiz